Best Films of 2015: Film Critic Top Ten Lists Quiz Stats

 Plays Quiz not verified by Sporcle

Also try: Celebrity Man Buns
Challenge
Share
Tweet
Embed
Score 0/31 Timer 10:00
0 Plays Today
Rank Film % Correct
1Mad Max: Fury Road
92.3%
20Star Wars: The Force Awakens
90.4%
26The Hateful Eight
89.4%
22The Revenant
87.5%
2Spotlight
86.5%
13The Martian
84.6%
18The Big Short
80.8%
25Bridge of Spies
80.8%
3Carol
79.8%
11Room
76%
4Inside Out
72.1%
5Brooklyn
65.4%
17Creed
59.6%
15Sicario
58.7%
7Anomalisa
55.8%
27Steve Jobs
54.8%
Rank Film % Correct
6Ex Machina
53.8%
28Chi-Raq
49%
9Son of Saul
45.2%
37.5%
845 Years
33.7%
10The Assassin
29.8%
19The Look of Silence
27.9%
29Amy
26%
12Tangerine
21.2%
14It Follows
21.2%
21Clouds of Sils Maria
21.2%
16Phoenix
16.3%
23The Diary of a Teenage Girl
12.5%
24Timbuktu
12.5%
30The Duke of Burgundy
9.6%

You're not logged in!

Compare scores with friends on all Sporcle quizzes.
Join for Free
OR
Log In

You Might Also Like...

Show Comments

Extras

Top Quizzes Today


Score Distribution

Your Account Isn't Verified!

In order to create a playlist on Sporcle, you need to verify the email address you used during registration. Go to your Sporcle Settings to finish the process.

Report this User

Report this user for behavior that violates our Community Guidelines.

Details: